| 000 -LEADER |
| fixed length control field |
00838cam a22002655a 4500 |
| 001 - CONTROL NUMBER |
| control field |
21270 |
| 003 - CONTROL NUMBER IDENTIFIER |
| control field |
BD-DhUAP |
| 005 - DATE AND TIME OF LATEST TRANSACTION |
| control field |
20210123123956.0 |
| 008 - FIXED-LENGTH DATA ELEMENTS--GENERAL INFORMATION |
| fixed length control field |
210123s20001999ii a 001 0 eng d |
| 020 ## - INTERNATIONAL STANDARD BOOK NUMBER |
| International Standard Book Number |
8173661944 |
| 040 ## - CATALOGING SOURCE |
| Original cataloging agency |
MIA |
| Modifying agency |
MIA |
| Transcribing agency |
BD-DhUAP |
| Language of cataloging |
eng |
| 082 ## - DEWEY DECIMAL CLASSIFICATION NUMBER |
| Edition number |
23 |
| Classification number |
005.133 MYE |
| 100 1# - MAIN ENTRY--PERSONAL NAME |
| Personal name |
Myers, Tom. |
| 245 10 - TITLE STATEMENT |
| Title |
Professional Java XML programming with servlets and JSP / |
| Statement of responsibility, etc. |
Tom Myers, Alexander Nakhimovsky. |
| 260 ## - PUBLICATION, DISTRIBUTION, ETC. |
| Place of publication, distribution, etc. |
New Delhi : |
| Name of publisher, distributor, etc. |
SPD, |
| Date of publication, distribution, etc. |
c1999 [Reprinted 2000]. |
| 300 ## - PHYSICAL DESCRIPTION |
| Extent |
xxi, 772 pages : |
| Other physical details |
illustrations ; |
| Dimensions |
24 cm. |
| 490 ## - SERIES STATEMENT |
| Series statement |
Programmer to programmer. |
| 500 ## - GENERAL NOTE |
| General note |
Includes index. |
| 630 00 - SUBJECT ADDED ENTRY--UNIFORM TITLE |
| Uniform title |
JavaServer Pages. |
| 650 #0 - SUBJECT ADDED ENTRY--TOPICAL TERM |
| Topical term or geographic name entry element |
XML (Document markup language). |
| 650 #0 - SUBJECT ADDED ENTRY--TOPICAL TERM |
| Topical term or geographic name entry element |
Java (Computer program language). |
| 650 #0 - SUBJECT ADDED ENTRY--TOPICAL TERM |
| Topical term or geographic name entry element |
Client/server computing. |
| 700 1# - ADDED ENTRY--PERSONAL NAME |
| Personal name |
Nakhimovsky, Alexander. |
| 942 ## - ADDED ENTRY ELEMENTS (KOHA) |
| Source of classification or shelving scheme |
|
| Koha item type |
Book |